| 000 | 00336nam a22001217a 4500 | ||
|---|---|---|---|
| 020 | _a978-9332518742 | ||
| 082 |
_a004.6 _bTAN |
||
| 100 | _aTanenbaum, Andrew S. | ||
| 245 |
_aComputer Networks/ _c Andrew S. Tanenbaum |
||
| 260 |
_aIndia; _bPrentice Hall, Indian International Ed., _c2011. |
||
| 300 | _a960p. ; | ||
| 942 |
_2ddc _cBK |
||
| 999 |
_c615020 _d615020 |
||